000 00380nam a22001697a 4500
999 _c10987
_d10987
003 OSt
008 210814b ||||| |||| 00| 0 eng d
020 _a9788124800195
082 _a823.7
_bAUP
100 G _aAUSTEN, Jane
245 _aPride and Prejudice
250 _aEd
260 _aNew Delhi
_bPeacock Books
_c2020
300 _a335
650 _aFiction
942 _2ddc
_cBK